Central Library OPAC University of Rajshahi

Atoll environment and ecology / (Record no. 10994)

MARC details
000 -LEADER
fixed length control field 00761nam a2200241 4500
001 - CONTROL NUMBER
control field 10994
003 - CONTROL NUMBER IDENTIFIER
rucl marc code BD-RjUL
005 - DATE AND TIME OF LATEST TRANSACTION
control field 20211208235042.0
008 - FIXED-LENGTH DATA ELEMENTS--GENERAL INFORMATION
fixed length control field 140125s1962 ctuabd b 001 0 eng d
035 ## - SYSTEM CONTROL NUMBER
System control number (BD-RjUL)11043
040 ## - CATALOGING SOURCE
Original cataloging agency DLC/ICU
Transcribing agency ICU
Modifying agency DLC
-- BD-RjUL
Language of cataloging eng
041 ## - LANGUAGE CODE
Language code of text/sound track or separate title eng
082 00 - DEWEY DECIMAL CLASSIFICATION NUMBER
Classification number 551.424
Author mark and year WIA 1962
Edition number 23
100 1# - MAIN ENTRY--PERSONAL NAME
Personal name Wiens, Herold J.,
Fuller form of name (Herold Jacob),
Dates associated with a name 1912-1971.
9 (RLIN) 33973
245 10 - TITLE STATEMENT
Title Atoll environment and ecology /
Statement of responsibility, etc. by Herold J. Wiens.
260 ## - PUBLICATION, DISTRIBUTION, ETC. (IMPRINT)
Place of publication, distribution, etc. New Haven :
Name of publisher, distributor, etc. Yale University Press,
Date of publication, distribution, etc. 1962.
300 ## - PHYSICAL DESCRIPTION
Pagination xxii, 532 p. :
Illustrations ill. ;
Size 24 cm.
504 ## - BIBLIOGRAPHY, ETC. NOTE
Bibliography, etc Includes Bibliography and index.
650 #0 - SUBJECT ADDED ENTRY--TOPICAL TERM
Topical term or geographic name as entry element reefs
General subdivision atoll
9 (RLIN) 215391
Topical term or geographic name as entry element Coral reef ecology.
9 (RLIN) 215392
Topical term or geographic name as entry element Coral reefs and islands
9 (RLIN) 166037
942 ## - ADDED ENTRY ELEMENTS (KOHA)
Source of classification or shelving scheme Dewey Decimal Classification
Koha item type Books
Holdings
Lost status Source of classification or shelving scheme Damaged status Not for loan Collection code Permanent Location Current Location Shelving location Date acquired Source of acquisition Cost, normal purchase price Total Checkouts Full call number Date last seen Copy number Koha item type
  Dewey Decimal Classification   Not For Loan Non-fiction Central Library, University of Rajshahi Central Library, University of Rajshahi Reading Room 24/03/1964 Zeithlinger. 120.00   551.424 WIA 1962 25/01/2014 C-1 Books
  Dewey Decimal Classification     Non-fiction Central Library, University of Rajshahi Central Library, University of Rajshahi   08/12/2021 warsi book corporation 135.00   551.424 WIA 1962 24/05/2017 C-2 Books